000 00631nam a22002177a 4500
999 _c168492
_d168492
005 20200113142939.0
008 191010b ||||| |||| 00| 0 eng d
010 _aB-119591
020 _a0761997490
_c250.00
035 _aB-119591
040 _adpl
_ben
050 _a158.7
082 _a158.7
100 _aDilip Singh
245 _aEmotional intelligence at work:
_bby Dalip Singh
_ca professional guide/
250 _a2nd ed.
260 _aNew Delhi
_bResponse Books
_c2003
270 _aB-42, Panchsheel Enclave,
_bNew Delhi
_e110017
300 _a296p.
_c22cm(pbk)
942 _2ddc
_cEN
_h158.7
_mDAL